| 000 | 00954 a2200229 4500 | ||
|---|---|---|---|
| 001 | 49494 | ||
| 005 | 20260407155758.0 | ||
| 008 | 260407a2015 arg spa d | ||
| 003 | AR-UNSa-BCEJYS | ||
| 040 |
_aAR-UNSa-BCEJYS _bspa _cAR-UNSa-BCEJYS |
||
| 080 |
_a808.1 _xAutoría. actividad y técnica literaria. Escritura creativa. material publicable |
||
| 245 | 1 | 0 |
_aEscritutra académica _pde la teoría a la práctica |
| 020 | _a978-84-368-3451-2 | ||
| 264 | 1 |
_aMadrid : _bEdiciones Pirámide _c2015 |
|
| 300 |
_a157 p. _c23 cm. |
||
| 505 | _a1. Escribir en la universidad – 2. La corrección idiomática – 3. Los géneros discursivos académicos – 4. Los textos expositivos – 5. Los textos argumentativos - | ||
| 041 | _aspa | ||
| 942 | _cBK | ||
| 590 | _aniveau_biblio:m niveau_hierar:0 | ||
| 100 | 1 | _aNuñez Cortés, Juan Antonio | |
| 856 | 4 | 1 |
_uhttps://www.biblioeco.unsa.edu.ar/pmb/images/libros/L128145.jpg _yImagen de portada _qimage/jpeg |
| 999 |
_c4860 _d4860 |
||